| 000 | 01771cam a2200421 a 4500 | ||
|---|---|---|---|
| 001 | 4511351 | ||
| 003 | OSt | ||
| 005 | 20230620161003.0 | ||
| 008 | 980210s1997 nyu b i100 0 eng d | ||
| 010 | _a 98113753 | ||
| 020 | _a9211231213 | ||
| 035 | _a(OCoLC)38600199 | ||
| 040 |
_aDIDB _cDIDB _dDLC |
||
| 042 | _alccopycat | ||
| 043 | _af------ | ||
| 050 | 0 | 0 |
_aJQ1879.A5 _bE443 1997 |
| 082 | 0 | 0 |
_a324.96/032 _221 _bUNA |
| 245 | 0 | 0 |
_aElections : _bperspectives on establishing democratic practices. |
| 246 | 1 | 0 | _aPerspectives on establishing democratic practices in developing countries |
| 260 |
_aNew York : _bUnited Nations, _c1997. |
||
| 300 |
_av, 58 p. ; _c28 cm. |
||
| 500 | _aAt head of title: United Nations Department for Development Support and Management Services. | ||
| 500 | _a"These papers were presented at an African Election Administrators Colloquium held in Victoria Falls, Zimbabwe 15-18 November 1994" p. iii. | ||
| 500 | _a"ST/TCD/SER.E/31." | ||
| 500 | _a"United Nations publication sales no. E.97.II.H.1"--T.p. verso. | ||
| 504 | _aIncludes bibliographical references (p. 27-29). | ||
| 505 | 0 | _aAfrican elections in comparative perspective / by Joel D. Barkan -- Techniques for effective election management / by Joe Baxter. | |
| 650 | 0 |
_aElections _zAfrica _xCongresses. |
|
| 650 | 0 |
_aElection officials _zAfrica _xCongresses. |
|
| 650 | 0 |
_aDemocratization _zAfrica _xCongresses. |
|
| 700 | 1 | _aBaxter, Joe. | |
| 700 | 1 | _aBarkan, Joel D. | |
| 710 | 2 |
_aUnited Nations. _bDepartment for Development Support and Management Services. |
|
| 906 |
_a7 _bcbc _ccopycat _d2 _encip _f19 _gy-gencatlg |
||
| 942 |
_2ddc _cBK |
||
| 999 |
_c1908 _d1908 |
||